Halo Trilogy all levels - Statistics

General Stats
  • This quiz has been taken 244 times
  • The average score is 23 of 35
Answer Stats
Hint Answer % Correct
Halo: Combat Evolved The Pillar of Autumn
95%
Halo: Combat Evolved Halo
90%
Halo: Combat Evolved The Truth and Reconciliation
84%
Halo: Combat Evolved The Library
83%
Halo: Combat Evolved The Maw
83%
Halo: Combat Evolved Assault on the Control Room
78%
Halo: Combat Evolved The Silent Cartographer
77%
Halo: Combat Evolved Keyes
75%
Halo: Combat Evolved 343 Guilty Spark
74%
Halo: Combat Evolved Two Betrayals
74%
Halo 3 Halo
72%
Halo 3 Cortana
66%
Halo 3 Sierra 117
66%
Halo 3 The Ark
66%
Halo 3 The Covenant
66%
Halo 2 Cairo Station
64%
Halo 3 Floodgate
63%
Halo 3 Crow's Nest
62%
Halo 2 Gravemind
62%
Halo 3 Tsavo Highway
62%
Halo 2 Outskirts
60%
Halo 2 Delta Halo
59%
Halo 2 High Charity
58%
Halo 2 Metropolis
58%
Halo 2 Regret
58%
Halo 2 The Heretic
58%
Halo 3 The Storm
58%
Halo 2 The Arbiter
56%
Halo 2 The Armory
56%
Halo 2 Sacred Icon
52%
Halo 2 The Great Journey
52%
Halo 2 Quarantine Zone
49%
Halo 2 The Oracle
48%
Halo 2 Uprising
48%
Halo 3 Arrival
47%
No matching quizzes found
Score Distribution
Percent of People with Each Score
Percentile by Number Answered
Your Score History
You have not taken this quiz